[Event "Sachsen-Anhalt Landesliga-B 1920"]
[Site "Sachsen Anhalt"]
[Date "2020.10.18"]
[Round "9.3"]
[White "Just, Joachim"]
[Black "Ptakul, Lev"]
[Result "0-1"]
[WhiteElo "1827"]
[BlackElo "1833"]
[PlyCount "104"]
[EventDate "2019.09.29"]
[EventType "team-tourn"]
[EventRounds "9"]
[EventCountry "GER"]
[SourceTitle "EXT 2023"]
[Source "ChessBase"]
[SourceDate "2022.10.05"]
[SourceVersion "1"]
[SourceVersionDate "2022.10.05"]
[SourceQuality "1"]
[WhiteTeam "Zeitz Motor"]
[BlackTeam "Coethen Germania II"]
[WhiteTeamCountry "GER"]
[BlackTeamCountry "GER"]

1. d4 Nf6 2. Nf3 g6 3. g3 Bg7 4. Bg2 0-0 5. 0-0 d6 6. c3 Nbd7 7. Nbd2 b6 8. Ng5 Rb8 9. Qc2 h6 10. Nge4 Nxe4 11. Nxe4 Bb7 12. f3 f5 13. Nf2 e5 14. dxe5 dxe5 15. e4 f4 16. Rd1 Qe7 17. b4 g5 18. g4 c5 19. Ba3 Rbc8 20. Qb3+ Kh7 21. c4 cxb4 22. Bxb4 Nc5 23. Qc2 Rfd8 24. Rxd8 Qxd8 25. Rd1 Qc7 26. Qd2 Ba6 27. Qd5 Bb7 28. Qd2 Ne6 29. Qd7 Nd4 30. Rxd4 exd4 31. Qf5+ Kh8 32. Bf1 Ba6 33. c5 Bxf1 34. cxb6 axb6 35. h4 Bc4 36. Bd6 Qxd6 37. Qxc8+ Bg8 38. hxg5 hxg5 39. Nd3 Qe6 40. Qd8 Bf6 41. Qf8 Kh7 42. a4 Bf7 43. e5 Be7 44. Qa8 Bg6 45. Qa6 Bxd3 46. Qxd3+ Kg7 47. Qe4 Qd7 48. Qd3 Qd5 49. Qb5 Qxb5 50. axb5 Kf7 51. Kf2 Ke6 52. Ke2 Kxe5 0-1

[Event "Sachsen-Anhalt Landesliga-B 1920"]
[Site "Sachsen Anhalt"]
[Date "2020.03.01"]
[Round "7.3"]
[White "Just, Joachim"]
[Black "Thom, Michael"]
[Result "1/2-1/2"]
[WhiteElo "1827"]
[BlackElo "1662"]
[PlyCount "100"]
[EventDate "2019.09.29"]
[EventType "team-tourn"]
[EventRounds "9"]
[EventCountry "GER"]
[SourceTitle "EXT 2023"]
[Source "ChessBase"]
[SourceDate "2022.10.05"]
[SourceVersion "1"]
[SourceVersionDate "2022.10.05"]
[SourceQuality "1"]
[WhiteTeam "Zeitz Motor"]
[BlackTeam "Dessau II"]
[WhiteTeamCountry "GER"]
[BlackTeamCountry "GER"]

1. d4 d5 2. Nf3 Nf6 3. Bg5 Ne4 4. Bf4 c6 5. c3 Nd7 6. Nbd2 Ndf6 7. h3 h6 8. e3 Qb6 9. Qb3 Qd8 10. Be2 e6 11. 0-0 Bd6 12. Be5 0-0 13. Rfd1 Bc7 14. Bxc7 Qxc7 15. Ne5 Nxd2 16. Rxd2 Ne4 17. Rdd1 f6 18. Nf3 f5 19. Ne5 Qd8 20. Bd3 Nd6 21. a4 Nf7 22. f4 Qb6 23. Qa3 Nxe5 24. fxe5 Qc7 25. Rf1 Re8 26. b4 Qe7 27. a5 a6 28. Qb2 Bd7 29. Qf2 Rf8 30. Rab1 Rf7 31. Qg3 Kh7 32. h4 Raf8 33. Rf3 g6 34. Rbf1 h5 35. Qf4 Rg7 36. Rg3 Be8 37. Rg5 Rgg8 38. Rf3 Qg7 39. Rfg3 Qh6 40. Be2 Bf7 41. Qf1 Ra8 42. Qd1 Raf8 43. Kh2 Be8 44. Rf3 Bf7 45. Rf4 Rd8 46. Qf1 Ra8 47. Kg1 Be8 48. Qf3 Rg7 49. Qg3 Bf7 50. Bd3 Rf8 1/2-1/2